Educational psychology / (Record no. 3299)

MARC details
000 -LEADER
fixed length control field 00610nam a22002052 4500
001 - CONTROL NUMBER
control field 0000008564
005 - DATE AND TIME OF LATEST TRANSACTION
control field 20151217145842.0
008 - FIXED-LENGTH DATA ELEMENTS--GENERAL INFORMATION
fixed length control field 080425s xx 000 0 eng d
020 ## - INTERNATIONAL STANDARD BOOK NUMBER
International Standard Book Number 8120303027 :
Terms of availability KES 770
040 ## - CATALOGING SOURCE
Original cataloging agency KABU
Transcribing agency KABU
245 10 - TITLE STATEMENT
Title Educational psychology /
Statement of responsibility, etc. edited by Charles E. Skinner.
250 ## - EDITION STATEMENT
Edition statement 4th ed.
260 ## - PUBLICATION, DISTRIBUTION, ETC. (IMPRINT)
Place of publication, distribution, etc. New Delhi :
Name of publisher, distributor, etc. Prentice-Hall of India,
Date of publication, distribution, etc. 1959.
300 ## - PHYSICAL DESCRIPTION
Extent x, 755 p.
650 #0 - SUBJECT ADDED ENTRY--TOPICAL TERM
Topical term or geographic name as entry element Educational psychology.
-- 0000153557
700 1# - ADDED ENTRY--PERSONAL NAME
Personal name Skinner, Charles E.
-- 0000159202
908 ## - PUT COMMAND PARAMETER (RLIN)
Put command parameter 080425
950 ## - LOCAL HOLDINGS (RLIN)
-- 1
Holdings
Withdrawn status Lost status Source of classification or shelving scheme Not for loan Home library Current library Date acquired Total Checkouts Full call number Barcode Date last seen Date last checked out Price effective from Koha item type Total Renewals
    Library of Congress Classification   Kabarak, Main Campus Kabarak, Main Campus 17/12/2015 6 LB1051 .E38 1959 018134 21/06/2019 04/06/2019 17/12/2015 General Collection  
    Library of Congress Classification   Kabarak, Main Campus Kabarak, Main Campus 17/12/2015 2 LB1051 .E38 1959 006754 06/04/2018 28/03/2018 17/12/2015 General Collection 1
    Library of Congress Classification   Kabarak, Main Campus Kabarak, Main Campus 17/12/2015 3 LB1051 .E38 1959 006755 17/01/2020 16/01/2020 17/12/2015 General Collection  
Designed with assistance from East African Informatics Ltd